Trabajo social con grupos y pedagogía ciudadana

Gespeichert in:
Bibliographische Detailangaben
1. Verfasser: Zamanillo, Teresa (VerfasserIn)
Format: Buch
Sprache:Spanisch
Veröffentlicht: Madrid, España Síntesis 2008
Schlagworte:
Online-Zugang:Disponible Online
Tags: Tag hinzufügen
Keine Tags, Fügen Sie den ersten Tag hinzu!

MARC

LEADER 00000nam a2200000 a 4500
001 UCH1599
003 CL-VaPUC
005 20210706001713.0
008 090430e20080000SP |||||||||||||||||spa|d
999 |c 333573  |d 333571 
020 |a 9788497565684 
040 |c Pontificia Universidad Católica de Valparaíso 
082 0 4 |a 361.4 ZAM 2008  |2 21 
100 0 |a Zamanillo, Teresa  |e author  |9 536099 
245 1 0 |a Trabajo social con grupos y pedagogía ciudadana 
260 |a Madrid, España   |b Síntesis  |c 2008 
300 |a 383 páginas  
583 |a last modification  |c 20090430 00:00:00  |k Rodrigo Vera 
650 0 |a Trabajo social   |9 307856 
650 0 |a Investigación social   |9 307814 
650 0 |a Dinámica de grupos   |9 259862 
650 0 |a Acción social  |9 307836 
650 0 |a Trabajo de grupos  |2 CL-VaPUC  |9 536100 
856 |u http://bibliografiadigital.pucv.cl.pucv.idm.oclc.org/index.php/bibliotecapucv/catalog/book/551  |y Disponible Online  
942 |c BK  |2 ddc 
945 |d 20090430 00:00:00  |a rbrito 
952 |0 0  |1 0  |4 0  |6 361_400000000000000_ZAM_2008  |7 0  |8 R  |9 422086  |a BIBGIM  |b BIBGIM  |d 2019-11-22  |i 4545176  |l 8  |o 361.4 ZAM 2008  |p 4545176  |r 2025-01-15  |s 2022-05-02  |w 2019-11-22  |y BK_R  |k SSL